<?xml version="1.0" encoding="UTF-8"?>
<record
    xmlns:xsi="http://www.w3.org/2001/XMLSchema-instance"
    xsi:schemaLocation="http://www.loc.gov/MARC21/slim http://www.loc.gov/standards/marcxml/schema/MARC21slim.xsd"
    xmlns="http://www.loc.gov/MARC21/slim">

  <leader>00768nam a2200145   4500</leader>
  <controlfield tag="008">731.092 E74l</controlfield>
  <datafield tag="020" ind1=" " ind2=" ">
    <subfield code="a">9780997249255</subfield>
  </datafield>
  <datafield tag="082" ind1=" " ind2=" ">
    <subfield code="a">731.092</subfield>
    <subfield code="b">E74l</subfield>
  </datafield>
  <datafield tag="100" ind1=" " ind2=" ">
    <subfield code="a">Escobar, Dar&#xED;o</subfield>
    <subfield code="9">6381</subfield>
  </datafield>
  <datafield tag="245" ind1=" " ind2=" ">
    <subfield code="a">The life of the object</subfield>
  </datafield>
  <datafield tag="260" ind1=" " ind2=" ">
    <subfield code="a">Nueva York</subfield>
    <subfield code="b">Lucia Marquand</subfield>
    <subfield code="c">2017</subfield>
  </datafield>
  <datafield tag="300" ind1=" " ind2=" ">
    <subfield code="a">168 p.</subfield>
    <subfield code="b">ill (col)</subfield>
    <subfield code="c">24 x 29 cm</subfield>
  </datafield>
  <datafield tag="505" ind1=" " ind2=" ">
    <subfield code="t">The life of the object: Dar&#xED;o Escobar&#xB4;s art and the eclipse of readymade</subfield>
    <subfield code="t">On the Fluctuation of Misreading </subfield>
    <subfield code="r">Octavia Zaya</subfield>
    <subfield code="t">Plates</subfield>
    <subfield code="t">National Treasure</subfield>
    <subfield code="r">R. C. Baker</subfield>
    <subfield code="t">Incorrect Grammar: Coversations with Dar&#xED;o Escobar</subfield>
    <subfield code="r">Laura A.L. Wellen</subfield>
    <subfield code="t">Notes</subfield>
    <subfield code="t">Selected biography</subfield>
    <subfield code="t">Curriculum</subfield>
    <subfield code="t">Contributors&#xB4; Biographies</subfield>
    <subfield code="t">Credits</subfield>
  </datafield>
  <datafield tag="600" ind1=" " ind2=" ">
    <subfield code="x">arte contempor&#xE1;neo</subfield>
    <subfield code="x">arte - escultura</subfield>
    <subfield code="x">escultura - biograf&#xED;a</subfield>
    <subfield code="x">Guatemala</subfield>
    <subfield code="x">arte - cr&#xED;tica e interpretaci&#xF3;n</subfield>
    <subfield code="9">6382</subfield>
  </datafield>
  <datafield tag="999" ind1=" " ind2=" ">
    <subfield code="c">1488</subfield>
    <subfield code="d">1488</subfield>
  </datafield>
  <datafield tag="952" ind1=" " ind2=" ">
    <subfield code="0">0</subfield>
    <subfield code="1">0</subfield>
    <subfield code="2">ddc</subfield>
    <subfield code="4">0</subfield>
    <subfield code="7">0</subfield>
    <subfield code="a">LV</subfield>
    <subfield code="b">LV</subfield>
    <subfield code="c">Monograf&#xED;as</subfield>
    <subfield code="d">2018-06-07</subfield>
    <subfield code="l">0</subfield>
    <subfield code="o">731.092 E74l</subfield>
    <subfield code="p">004601</subfield>
    <subfield code="r">2018-06-07 00:00:00</subfield>
    <subfield code="w">2018-06-07</subfield>
    <subfield code="y">01</subfield>
  </datafield>
</record>
